Poučení z krizového vývoje ve straně a společnosti po XIII. sjezdu KSČ

Bibliographic Details
Format: Book
Language:English
PhysicalDescription:102 s.
Published: Praha Státní pedagogické nakladatelství
Edition:7. vydanie

MARC

LEADER 00000nam a2200000 a 4500
001 vtls008952503
003 SK-MaSNL
005 20260224032437.0
008 070306 000 0 eng
040 |a SNK  |b slo  |c SNK  |e AACR2 
245 1 |a Poučení z krizového vývoje ve straně a společnosti po XIII. sjezdu KSČ 
250 |a 7. vydanie 
260 |a Praha  |b Státní pedagogické nakladatelství 
300 |a 102 s. 
500 |a Edice: Prameny a dokumenty k občanské nauce na středních školách 
999 |c 826739  |d 828669 
952 |a SNK  |b SNK  |y VYP  |7 0  |p 17A0540550  |o snkSC 72315 D1  |i snkKIP 8720/88  |3 rekatalogizácia  |0 0  |1 0  |4 0  |d 2007-03-06  |l 0  |r 2026-02-24 03:24:37  |w 2026-02-24 
952 |a SNK  |b SNK  |y PREZ  |7 0  |p 17A0963280  |o snkSC 72315  |0 0  |1 0  |4 0  |d 2012-09-21  |l 0  |r 2025-07-25 00:00:00  |w 2026-02-24